000 00497nam a2200181 i 4500
001 23356
003 ES-MaACL
005 20240423141145.0
007 t|
008 021210s1972 sp ||||1| spa d
100 1 _aÁlvarez-Arenas, Eliseo.
_920694
245 1 0 _aTeoría bélica de España /
_cEliseo Álvarez Arenas.
260 _aMadrid :
_bRevista de Occidente,
_c[1972]
300 _a414 p. ;
_c18 cm.
852 _aES-MaACL
_jC-53228
942 _2udc
999 _c23356
_d23356